| 000 | 00408nam a2200157Ia 4500 | ||
|---|---|---|---|
| 008 | 210210b1967 xxu||||| |||| 00| 0 eng d | ||
| 082 | _a810.9 MULS | ||
| 100 | _aMULLIK (B R). | ||
| 245 | _aStudies in American literature.Eugene O'neill. V7. | ||
| 260 |
_aN D _bS. Chand & Co. Ltd. _c1967 |
||
| 300 | _aiv,58 | ||
| 440 | _a7 | ||
| 650 | _aEugene O'neill | ||
| 690 | _aAmerican Literature | ||
| 906 | _a031526 | ||
| 999 |
_c82532 _d82532 |
||